00512 2200193 4500245006500000020002200065250001000087100001200097700002000109700001500129650002200144650001000166005001900176260006500195041001400260084000800274300002700282336000900309 aYuk, Kenali b : Komunitas Terpencil di RiaucIrwantohText a978-602-437-270-5 acet.1 aIrwanto aLuh Anik Mayani aIwan Choto aPahlawan Nasional aEbook a20241107124402 aJakarta TimurbBadan Pengembangan dan Pembinaan Bahasac2018 aIndonesia a928 avii, 50 hlm. :c21 cm. atext